Ralphi Rosario Charting Songs (Billboard Hot Dance) - Statistics

General Stats
  • This quiz has been taken 7 times
  • The average score is 4 of 7
Answer Stats
Album Weeks On Peak Artist(s) Song % Correct
Non-Album Single 3 Weeks #30 Ralphi Rosario & Aneeta Beat Button Pusha
100%
Non-Album Single 8 Weeks #27 Ralphi Rosario ft. Donna Blakely Cold
100%
Non-Album Single 1 Week #47 Ralphi Rosario vs. Ashley J. Cali
50%
Non-Album Single 9 Weeks #27 Ralphi Rosario ft. Frankie Forever
50%
Non-Album Single 5 Weeks #36 Ralphi Rosario & Frankie Catalano Fuck Your Boyfriend (F.U.B.F)
50%
Non-Album Single 5 Weeks #38 Ralphi Rosario ft. Julissa Veloz La Jungla
0%
Non-Album Single 3 Weeks #40 Ralphi Rosario & HiFi Sean Sex Machine
0%
No matching quizzes found
Score Distribution
Percent of People with Each Score
Percentile by Number Answered
Your Score History
You have not taken this quiz